Химия и технология нефти и газа: учебное пособие для среднего профессионального образования

Bibliografiske detaljer
Hovedforfatter: Вержичинская С. В. Светлана Владимировна
Andre forfattere: Дигуров Н. Г. Николай Гаппоевич, Синицин С. А. Сергей Александрович
Summary:В учебном пособии рассмотрены вопросы химического состава нефтей и газов, механизмы основных химических реакций их переработки, теоретические основы технологических процессов, типичные технологические схемы, оборудование и методики его технологического расчета и подбора. Даны понятия о проектировании установок, рассказано о применении информационных технологий при расчетах и проектировании, об общезаводских хозяйствах нефтеперерабатывающих заводов. Пособие предназначено для учащихся средних специальных учебных заведений, изучающих дисциплину "Химия и технология нефти и газа", также может быть полезно бакалаврам, обучающимся по направлению "Химическая технология", и специалистам, работающим в области нефтепереработки.
Sprog:russisk
Udgivet: Москва, Форум, 2019
Udgivelse:3-е изд., испр. и доп.
Serier:Среднее профессиональное образование
Fag:
Format: MixedMaterials Bog
KOHA link:https://koha.lib.tpu.ru/cgi-bin/koha/opac-detail.pl?biblionumber=343628

MARC

LEADER 00000nam0a2200000 4500
001 343628
005 20231101034145.0
010 |a 9785911343040 
010 |a 978-5-16-013576-2 
035 |a (RuTPU)RU\TPU\book\374038 
035 |a RU\TPU\book\131138 
090 |a 343628 
100 |a 20070910d2019 m y0rusy50 ca 
101 0 |a rus 
102 |a RU 
105 |a a j 001zy 
200 1 |a Химия и технология нефти и газа  |e учебное пособие для среднего профессионального образования  |f С. В. Вержичинская, Н. Г. Дигуров, С. А. Синицин 
205 |a 3-е изд., испр. и доп. 
210 |a Москва  |c Форум  |c Инфра-М  |d 2019 
215 |a 400 с.  |c ил. 
225 1 |a Среднее профессиональное образование 
320 |a Библиогр.: с. 392-393 
330 |a В учебном пособии рассмотрены вопросы химического состава нефтей и газов, механизмы основных химических реакций их переработки, теоретические основы технологических процессов, типичные технологические схемы, оборудование и методики его технологического расчета и подбора. Даны понятия о проектировании установок, рассказано о применении информационных технологий при расчетах и проектировании, об общезаводских хозяйствах нефтеперерабатывающих заводов. Пособие предназначено для учащихся средних специальных учебных заведений, изучающих дисциплину "Химия и технология нефти и газа", также может быть полезно бакалаврам, обучающимся по направлению "Химическая технология", и специалистам, работающим в области нефтепереработки. 
451 1 |0 (RuTPU)RU\TPU\book\173718  |y 978-5-91134-304-0  |t Химия и технология нефти и газа  |o учебное пособие для среднего профессионального образования  |f С. В. Вержичинская, Н. Г. Дигуров, С. А. Синицин  |e 2-е изд., испр. и доп.  |c М.  |n Форум  |d 2009  |p 400 с.  |s Профессиональное образование  |a Вержичинская, Светлана Владимировна 
606 1 |a Нефть  |x Химия  |2 stltpush  |3 (RuTPU)RU\TPU\subj\33709 
610 1 |a природный газ 
610 1 |a углеводородные газы 
610 1 |a переработка 
610 1 |a первичная переработка 
610 1 |a химические процессы 
610 1 |a термические процессы 
610 1 |a термокаталитические процессы 
610 1 |a гидрогенизационные процессы 
610 1 |a масла 
610 1 |a производство 
610 1 |a синтетическое жидкое топливо 
610 1 |a нефтеперерабатывающие заводы 
610 1 |a оборудование 
610 1 |a расчет 
610 1 |a учебные пособия 
675 |a 665.6(075.32)  |v 4 
700 1 |a Вержичинская  |b С. В.  |g Светлана Владимировна 
701 1 |a Дигуров  |b Н. Г.  |g Николай Гаппоевич 
701 1 |a Синицин  |b С. А.  |g Сергей Александрович 
801 1 |a RU  |b 63413507  |c 20191010 
801 2 |a RU  |b 63413507  |c 20191114  |g RCR 
942 |c BK 
959 |a 13/20191008  |d 3  |e 1369,56  |f УФ:2  |f ЧЗТЛ:1